00506nam a2200169 a 450000500170000000800410001702000180005805000240007610000200010024500610012025000180018126000470019930000130024644000320025965000130029165000320030420140414132126.0130204s19uu xx 00 eng d a9780328675555 aTR 372.4bF716 2011 aForesman, Scott aFirst stop on reading street Grade 1: Unit 5 volume 2/. aInternational aUnited States :bPearson Education,c2011. aiii,520p aMy Teaching Library Package aReading. aReading-study and teaching.